| 000 | 00557nam a2200181 4500 | ||
|---|---|---|---|
| 001 | 138979 | ||
| 003 | ES-MaACL | ||
| 005 | 20250830063103.0 | ||
| 007 | t| | ||
| 008 | 070214q1951 sp r ||||1| spa d | ||
| 100 | 1 |
_aSanz, Carlos, _d1903-1979 _9103566 |
|
| 245 | 1 | 4 |
_aLos dos primeros libros impresos en Filipinas / _cCarlos Sanz López. |
| 260 |
_a[S. l. : _bs. n.], _c1951. |
||
| 300 |
_a1 h. : _bil. ; _c30 cm. |
||
| 500 | _aPublicado en ABC el 2 de octubre de 1951. | ||
| 852 |
_aES-MaACL _j2094-F-24 _bR.90966 |
||
| 999 |
_c138979 _d138979 |
||